00697nam 22002411 4500001000800000005001700008008004100025035002100066906004500087010001700132035001900149040002500168050001500193082000800208100003100216245005000247260003300297300001900330650001600349985002100365991004300386099002600429828301819980421191513.0790129s1931 nyu 000 0 eng  9(DLC) 31025067 a7bcbccoclcrplduencipf19gy-gencatlg a 31025067  a(OCoLC)4595140 aDLCcICIUdICIUdDLC00aBH201b.R4 a7011 aReid, Louis Arnaud,d1895-12aA study in aesthetics,cby Louis Arnaud Reid. aNew York,bMacmillan,c1931. a415 p.c23 cm. 0aAesthetics. eOCLC REPLACEMENT bc-GenCollhBH201i.R4tCopy 1wOCLCREP areid-study-1072036841